Statistics for Cyprus Map Quiz

Click here to take the quiz!

General Stats

  • This quiz has been taken 246 times
  • The average score is 4 of 5

Answer Stats

Answer % Correct
UN Green Zone
92%
North Cyprus
91%
Republic of Cyprus
87%
Dhekelia
82%
Akrotiri
67%

Score Distribution

Percentile by Number Answered

Percent of People with Each Score

Your Score History

You have not taken this quiz